[Event "Internet Section 06A g/8'+2\""]
[Site "Dos Hermanas"]
[Date "2004.03.06"]
[Round "9"]
[White "Connolly, Shaun"]
[Black "Christy, David"]
[Result "1-0"]
[WhiteElo "1369"]
[BlackElo "1036"]
[PlyCount "73"]
[EventDate "2004.03.06"]
[EventType "swiss (blitz)"]
[EventRounds "9"]
[EventCountry "ESP"]
[SourceTitle "CBM 099 Extra"]
[Source "ChessBase"]
[SourceDate "2004.05.04"]
[SourceVersion "1"]
[SourceVersionDate "2004.05.04"]
[SourceQuality "1"]

1. e4 e5 2. Nf3 d6 3. Bc4 Qf6 4. Nc3 c6 5. d3 Be7 6. Bg5 Qg6 7. Bxe7 Nxe7 8. g3 h5 9. Qe2 f5 10. exf5 Nxf5 11. 0-0-0 h4 12. Ne4 b5 13. Bb3 Na6 14. d4 Nb4 15. dxe5 Nxa2+ 16. Bxa2 d5 17. Nc5 Qh6+ 18. Kb1 hxg3 19. Nd4 g2 20. Nxf5 Bxf5 21. Rhg1 Qxh2 22. Qf3 Rh3 23. Qxf5 Qxg1 24. Rxg1 Rh1 25. Qg6+ Kf8 26. Qxg2 Rh5 27. Qxg7+ Ke8 28. Qg6+ Kd8 29. Qxh5 Kc7 30. Rg7+ Kb6 31. Nd7+ Ka6 32. Bxd5 cxd5 33. b4 Rd8 34. Rg6+ Kb7 35. Nc5+ Kc7 36. Qh7+ Kc8 37. Qb7# 1-0

[Event "Internet Section 06A g/8'+2\""]
[Site "Dos Hermanas"]
[Date "2004.03.06"]
[Round "6"]
[White "Connolly, Shaun"]
[Black "Jakobsen, Steen"]
[Result "0-1"]
[WhiteElo "1379"]
[BlackElo "1812"]
[PlyCount "90"]
[EventDate "2004.03.06"]
[EventType "swiss (blitz)"]
[EventRounds "9"]
[EventCountry "ESP"]
[SourceTitle "CBM 099 Extra"]
[Source "ChessBase"]
[SourceDate "2004.05.04"]
[SourceVersion "1"]
[SourceVersionDate "2004.05.04"]
[SourceQuality "1"]

1. e4 c6 2. Nf3 d5 3. e5 Bf5 4. d4 h6 5. a3 e6 6. Bd3 Ne7 7. Nc3 Nd7 8. b4 Nb6 9. h3 a5 10. Bd2 Bxd3 11. bxa5 Nc4 12. cxd3 Nxa5 13. 0-0 Nf5 14. Bf4 Be7 15. Rb1 Bxa3 16. Qd2 Be7 17. Rfc1 Nh4 18. Qd1 Nxf3+ 19. Qxf3 Bg5 20. Rb4 0-0 21. Ra1 Bxf4 22. Qxf4 b6 23. Ne2 Qc7 24. Ng3 f5 25. Nh5 Qf7 26. Ng3 Qc7 27. Re1 Nb7 28. Nh5 Qf7 29. Rxb6 Qxh5 30. Rxb7 Ra3 31. Qg3 Qg5 32. Qf3 Qg6 33. Reb1 Kh7 34. R7b3 Rfa8 35. Rb7 f4 36. R7b3 Qf5 37. Rxa3 Rxa3 38. Rd1 Ra4 39. Rc1 Rxd4 40. Rc3 Qxe5 41. Kf1 Qf5 42. Ke2 Ra4 43. Rxc6 Ra1 44. Rc2 Qe5+ 45. Kd2 Qe1# 0-1

[Event "Internet Section 06A g/8'+2\""]
[Site "Dos Hermanas"]
[Date "2004.03.06"]
[Round "2"]
[White "Connolly, Shaun"]
[Black "Slaven, Vincent"]
[Result "0-1"]
[WhiteElo "1362"]
[BlackElo "2065"]
[PlyCount "42"]
[EventDate "2004.03.06"]
[EventType "swiss (blitz)"]
[EventRounds "9"]
[EventCountry "ESP"]
[SourceTitle "CBM 099 Extra"]
[Source "ChessBase"]
[SourceDate "2004.05.04"]
[SourceVersion "1"]
[SourceVersionDate "2004.05.04"]
[SourceQuality "1"]

1. e4 c5 2. Nf3 Nc6 3. d4 cxd4 4. Nxd4 g6 5. Be3 Bg7 6. Nc3 Nf6 7. Nxc6 bxc6 8. Bd4 0-0 9. Qf3 d6 10. 0-0-0 Qa5 11. Bd3 Be6 12. a3 Rab8 13. Nb1 Bg4 14. Qe3 Bxd1 15. Rxd1 c5 16. Bc3 Qc7 17. e5 Nd5 18. exd6 Qxd6 19. Bxg7 Nxe3 20. fxe3 Kxg7 21. Bb5 Qxd1+ 0-1

[Event "Internet Section 06A g/8'+2\""]
[Site "Dos Hermanas"]
[Date "2004.03.06"]
[Round "3"]
[White "Hossain, Mir M"]
[Black "Connolly, Shaun"]
[Result "1-0"]
[WhiteElo "1622"]
[BlackElo "1356"]
[PlyCount "45"]
[EventDate "2004.03.06"]
[EventType "swiss (blitz)"]
[EventRounds "9"]
[EventCountry "ESP"]
[SourceTitle "CBM 099 Extra"]
[Source "ChessBase"]
[SourceDate "2004.05.04"]
[SourceVersion "1"]
[SourceVersionDate "2004.05.04"]
[SourceQuality "1"]

1. f4 d5 2. Nf3 Nc6 3. e3 Bg4 4. Be2 e6 5. 0-0 Bd6 6. b3 Nf6 7. Bb2 Be7 8. Ne5 Bxe2 9. Qxe2 Nxe5 10. Bxe5 0-0 11. Nc3 a6 12. a4 c6 13. Rf3 Nd7 14. Rh3 Nxe5 15. fxe5 d4 16. Qh5 h6 17. Ne4 dxe3 18. dxe3 b5 19. Rg3 Kh7 20. Qg4 g6 21. Rf1 f5 22. Qxg6+ Kh8 23. Qxh6# 1-0